000 00620nam a2200181 a 4500
001 2337
003 CO-ViMGA
008 141112s2004 ck r 000 u spa d
040 _aCO-ViMGA
_bspa
_cCO-ViMGA
082 0 4 _a610 B114h
100 1 _aBabini, Jose
_951164
245 1 0 _aHistoria de la medicina
260 _aBarcelona :
_bGedisa,
_c1985
300 _a204 p
505 _aHipócrates y la colección hipocrática 23 - - La medidina renacentista 53 - - El siglo de la revolución cientifica 89 - - Clínica y cirugía 117 - - Microbiología e inmunología 131
650 1 4 _aMEDICINA - HISTORIA
942 _2ddc
_cBK
999 _c14436
_d14436